For the blessed feast of Easter. Writs. by the La. Eleanor

Bibliographic Details
Main Author: Eleanor, Lady, d. 1652
Format: eBook
Language:English
Published: [S.l. : publisher not identified], Printed in the yeare, 1646.
Series:Early English books online.
Subjects:
Online Access:Connect to the full text of this electronic book

MARC

Tag First Indicator Second Indicator Subfields
LEADER 00000nam a2200000Ia 4500
001 in00004315607
005 20200812085242.0
006 m g d
007 cr bn |||a|bb|
008 981211s1646 ne o 00| | eng d
035 |a (UnM)99899959 
037 |a CL0037000103  |b ProQuest Information and Learning. 300 N. Zeeb Rd., Ann Arbor, MI 48106 
040 |a Cu-RivES  |c Cu-RivES  |e dcrb  |d WaOLN 
100 0 |a Eleanor,  |c Lady,  |d d. 1652. 
245 1 0 |a For the blessed feast of Easter. Writs. by the La. Eleanor 
260 |a [S.l. :  |b publisher not identified],  |c Printed in the yeare, 1646. 
300 |a 1 online resource (Pp. 12+ 
336 |a text  |b txt  |2 rdacontent 
337 |a computer  |b c  |2 rdamedia 
338 |a online resource  |b cr  |2 rdacarrier 
500 |a Page 12 has catchword "And". 
500 |a Copy filmed at UMI microfilm Early English Books 1641-1700 reel 2481 lacks all after page 12. 
500 |a Reproduction of original in the Folger Shakespeare Library. 
510 4 |a Wing (CD-ROM, 1996)  |c D1989 
533 |a Electronic reproduction.  |b Ann Arbor, Mich. :  |c UMI,  |d 1999-  |f (Early English books online)  |n Digital version of: (Early English books, 1641-1700 ; 2481:23)  |7 s1999 miun s 
650 0 |a Prophecies  |v Early works to 1800. 
650 0 |a Easter  |v Early works to 1800. 
830 0 |a Early English books online. 
856 4 0 |u http://proxy.library.tamu.edu/login?url=https://search.proquest.com/docview/2248519331  |z Connect to the full text of this electronic book  |t 0 
999 f f |s fbec2642-b43e-3637-aa9b-fa5b8bcc1c4f  |i 60f8796f-63a6-3940-a674-3fec0f56e09e  |t 0 
952 f f |a Texas A&M University  |b College Station  |c Electronic Resources  |d Available Online  |t 0  |h No information provided 
998 f f |t 0  |l Available Online